000 01269nam a22003857i 4500
001 57476
003 CO-BoRNBP
005 20250703143542.0
007 ta
008 231006s2012 ck a|||b|||| 00| 0 |spa||
020 _a9789584231543
020 _a9584231545
040 _aCO-BoRNBP
_bspa
_erda
_cCO-BoRNBP
041 0 _hspa
043 _ae-sp---
084 _aA SOB2
100 1 _aGarcía Sobrino, Javier
_d1960-
_eautor
_960755
245 1 0 _aMistral
_cJavier Sobrino ; ilustraciones de Gabriela Rubio
250 _a1a. edición
264 1 _aBogotá, Colombia
_bPlaneta Colombiana
_c2012
300 _a39 páginas
_bilustraciones a color
_c19 cm
336 _atexto
_btxt
_2rdacontent
337 _asin mediación
_bn
_2rdamedia
338 _avolumen
_bnc
_2rdacarrier
490 0 _aPlaneta lector
521 _aRecomendado para un público infantil mayor de 6 años
545 _aIncluye datos biográficos del autor y del ilustrador
650 1 0 _aCuentos infantiles españoles.
_2LEMB
_9725
650 1 7 _aLiteratura infantil española
_2LEMB
_9726
650 1 7 _aLibros ilustrados para niños
_2LEMB
_92001
650 2 7 _aEscritura
_xEnseñanza
_2LEMB
_960756
650 1 7 _aLectura
_2LEMB
_960757
700 _aRubio, Gabriela
_958659
942 _2loc
_cBKLITI
999 _c57476
_d57476